000 01942nam0a2200373 4500
001 RU\NLR\bibl\1988484
005 20260405220535.0
021 _aRU
_b2012-99678
_97355
035 _a(nilc)RuMoRGB-006511246
035 _a(NLR Aleph) 001977047
090 _a4036656
_c4036656
100 _a20130114e20121863|||y0rusy50 ca
101 1 _arus
_cger
102 _aRU
105 _ay |||||||||
200 1 _aУчение о пище
_f[общепонятно излож. Я. Молешоттом]
205 _a[Репр. изд.]
210 _a[Б. м.
_cб. и.
_d2012?]
215 _a[4], 226, 7 с.
_cпортр.
_d22
300 _aОписано по обл.
300 _aАвт. указан на тит. л. ориг. изд.
300 _aНа тит. л. ориг. изд.: Учение о пище, общепонятно изложенное Я. Молешоттом. Переведено с третьего немецкого издания. С.-Петербург: издание кн. магазина Серно-Соловьевича, 1863
455 0 _12001#$aУчение о пище, общепонятно изложенное Я. Молешоттом$eпереведено с третьего немецкого издания
_1210##$aСанкт-Петербург$d1863
_tУчение о пище, общепонятно изложенное Я. Молешоттом
606 1 _aПитание
_xГигиена
_91181108
_3RU\NLR\AUTH\66157651
606 1 _aПищевые продукты
_xПищевая ценность
_91402125
_3RU\NLR\AUTH\66590112
686 1 _aР123
700 1 _4070
_8rus
_7ca
_aМолешот
_bЯ.
_f1822-1893
_gЯков
_3RU\NLR\auth\7798938
_981864
801 0 _aRU
_bRuMoRKP
_c20130114
_gRCR
801 2 _aRU
_bРГБ
_c20130122
_grcr
801 1 _aRU
_bRuMoRKP
_c20130114
_2rusmarc
801 2 _aRU
_bNLR
_c20130118
_grcr
942 _cBOOK
980 _aNB